00441cam a22001457a 4500020001500000040000800015082002600023245007500049260007600124300003500200650001000235650001000245650002600255700001400281 a9251042942 cMNP a630 FOO 1999 C153 Or.04aThe use of spices and medicinals as bioactive protectants for grains / aRome :bFood and Agriculture Organization of the United Nations,c1999. axiii, 239 p. :bill. ;c30 cm. 0aGrain 0aGrain 0aBotanical pesticides.1 aGolob, P.